00899nam a2200253Ia 450000500170000000800410001702000150005810000350007324500920010825000390020030000270023949000120026665000480027865000510032665000370037765000440041470000230045826400300048133600270051133700330053833800280057104000350059908400110063420220317001122.0160825s2004 ck g 000 0 spa  a95870411861 aNöstlinger, Christinad1936-10aYo también tengo un padrecChristine Nöstlinger ; traducción de Rosa Pilar Blanco a1a. edición b1a. reimpresión  a160 páginas c20 cm  aJuvenil142LEMBaNovela juvenil australiana ySiglo XX142LEMB aLiteratura juvenil austriaca ySiglo XX142LEMB aFamilia en la literatura 142LEMB aVida cotidiana en la literatura 1 aBlanco, Rosa Pilar aBogotábAlfaguarac2004 atextobtxt2rdacontent asin mediaciónbn2rdamedia avolumenbnc2rdacarrier aCO-BoRNBPbspaerdacCO-BoRNBP aN NOS1